00710 a2200169 4500003000500000005001700005020001500022040000900037082001600046100001800062245005300080260003200133300000900165505032600174600001800500650002200518Nust20221121102304.0 a0822017121 cNust a515.353,NIE aNielsen Kaj L aCalculus and Analytic Geometry / cNielsen Kaj L aLincolnbCliffs Notesc1970 a170p aReview Of Algebra (Page-1), Functions, Limits, Continuity (Page-7), Applications Of The Derivative (Page-25), Trigonometric Functions (Page-49), The Conics (Page-61), Polar Coordinates (Page-85), Method Of Integrations (Page-103), Series (Page-121), Solid Analytic Geometry (Page-127), Partial Differentiation (Page-139). aKaj L Nielsen aAnalytic Geometry